000 00820cab a2200349 4500
001 ABS50110
008 090401t1994 xxu||||| |||| 00| 0 eng d
035 _a(Sirsi) u74217
041 _aeng
245 _aEstates Times survey: A3, A23 & A24 towns
260 _c1994
350 _a0
490 _aEstates Times
_v(1222) 18 February 1994, 11-28(18)
650 _aA23
650 _aA24
650 _aA3
650 _aBRIGHTON
650 _aCRAWLEY
650 _aCROYDON
650 _aDORKING
650 _aGUILDFORD
650 _aHORSHAM
650 _aHOVE
650 _aPORTSMOUTH
650 _aREDHILL
650 _aREIGATE
650 _aWALTON-ON-THAMES
650 _aWORTHING
690 _aPROPERTY-COMMERCIAL PROPERTY-COMMERCIAL PROPERTY MARKET
942 _n0
948 _c04/03/1997
999 _c46850
_d46850